000 00620nam a2200193 4500
999 _c164493
_d164493
005 20190521170811.0
010 _aENG-125252
020 _c795.00
_a9789386725547
035 _aEN-108784
037 _bDBAD/PUB
082 _a370.1
245 _aPhilosophical perspective of education /
_cby T. Mrunalilni ...[et al]
260 _bNeelkamal Publications
_aNew Delhi
_c2018
270 _a4764/1, 23, Ansari Road, Daryaganj
_bNew Delhi
_e110002
300 _ax, 254 p.
_c24cm(Hb)
500 _aIncludes bibliographical references and index
700 _aMrunalini, T
942 _2ddc
_cEN
_h370.1
_mPHI